000 00539nam a22001937a 4500
003 OSt
005 20191202153841.0
008 141217b xxu||||| |||| 00| 0 eng d
040 _cBMC
082 _a808.0687284
100 1 _aHerrera Velado, Francisco
_929470
_d1876-1966
245 1 0 _aAgua de coco
_b: tradiciones y cuentos
_cFrancisco Herrera Velado
250 _a6ª ed.
260 _aSan Salvador
_bUCA
_c[1976]
300 _a145 p., 2 h.
_c20 cm
490 _aGavidia
_v3
650 2 4 _929639
_aCuentos salvadoreños
942 _2ddc
_cBK
999 _c16930
_d16930